000 01952cam a22004694a 4500
999 _c21350
_d21350
001 16020704
003 OSt
005 20200616133315.0
008 090929s2009 ii b 010 0 eng d
010 _a 2009305674
020 _a9788125037071
020 _a8125037071
025 _aI-E-2009-305674; 69-92
035 _a(OCoLC)ocn453820722
035 _a(OCoLC)453820722
037 _aLibrary of Congress -- New Delhi Overseas Office
_cRs395.00
040 _aDKAGE
_beng
_coclc
_dDLC
042 _alccopycat
_alcode
043 _aa-ii---
050 0 0 _aHN687
_b.C86 2009
082 0 4 _a305.800954
_bSAN/C
100 _92987
_aSanyal, Manoj Kumar
245 0 0 _aCulture, society, and development in India :
_bessays for Amiya Kumar Bagchi /
_cedited by Manoj Kumar Sanyal ; Arunabha Ghosh.
260 _aNew Delhi :
_bOrient BlackSwan,
_c2009.
300 _ax, 180 p. ;
_c23 cm.
504 _aIncludes bibliographical references (p. [168]-176).
505 0 _asection 1. Language, culture and the Indian middle class : the development dilemma -- section 2. Women in real life, utopias and fictions -- section 3. Music and art : past and present -- section 4. Popular Indian cinema : ideology, culture and business.
520 _aFestschrift on Amiya Kumar Bagchi, b. 1936, Indian economist and historian; contributed articles.
650 0 _aMultilingualism
_zIndia.
650 0 _aBengali language
_xSocial aspects.
650 0 _aLanguage and culture
_zIndia.
650 0 _aWomen in motion pictures.
650 0 _aWomen in literature.
650 0 _aMotion pictures
_xSocial aspects
_zIndia.
650 0 _aPopular culture
_zIndia.
700 1 _aBagchi, Amiya Kumar.
700 1 _aSanyal, Manoj Kumar.
700 1 _aGhosh, Arunabha.
906 _a7
_bcbc
_ccopycat
_d3
_encip
_f20
_gy-gencatlg
942 _2ddc
_cBK
_h305.800954
_iSAN/C
_k305.800954
_mSAN/C